Catálogo
 En Linea

Plataforma de acción para el avance de la mujer dominicana 1995-2001. (Registro nro. 26894)

Detalles MARC
000 -CABECERA
campo de control de longitud fija 00287nam a2200097 a 4500
005 - FECHA Y HORA DE LA ÚLTIMA TRANSACCIÓN
campo de control 20200930030816.0
008 - DATOS DE LONGITUD FIJA--INFORMACIÓN GENERAL
campo de control de longitud fija 110331s1995 000 spa d
040 ## - FUENTE DE LA CATALOGACIÓN
Centro catalogador/agencia de origen DO-SdBNP
245 #0 - MENCIÓN DE TÍTULO
Título Plataforma de acción para el avance de la mujer dominicana 1995-2001.
260 ## - PUBLICACIÓN, DISTRIBUCIÓN, ETC.
Lugar de publicación, distribución, etc. Santo Domingo,
Fecha de publicación, distribución, etc. 1995.

No hay ítems disponibles.

Con tecnología Koha